Statistiques concernant Effet Stroop 2 (Vous connaissez vos couleurs...?)

Cliquez ici pour prendre le quiz!

Statistiques générales

  • Ce quiz a été pris 99 fois
  • Le résultat moyen est 25 sur 28

Statistiques - réponses

HintRéponse% Correct
RoseRouge
100%
GrisBlanc
99%
MarronBleu
99%
VertViolet
99%
VioletGris
98%
RoseRose
98%
BleuVert
98%
RougeBlanc
96%
MarronRose
96%
GrisViolet
96%
OrangeGris
94%
VioletMarron
93%
RougeMarron
93%
NoirViolet
93%
BlancGris
92%
OrangeBlanc
91%
RougeRose
91%
GrisRouge
89%
VertVert
89%
VioletRose
87%
JauneBlanc
86%
NoirMarron
84%
BleuRouge
82%
MarronVert
79%
RoseBleu
78%
VertMarron
78%
GrisRose
76%
VioletViolet
74%

Distribution des résultats

Percentile par nombre de réponses

% des personnes avec chaque résultat

Votre développement - résultats

Vous n’avez pas pris ce quiz